| 000 | 00875cam a22001934a 4500 | ||
|---|---|---|---|
| 005 | 20250605164337.0 | ||
| 008 | 250528s ||||||||||||||||||||||||d | ||
| 035 | _a23495 | ||
| 040 |
_aGR-AtMCL _bgre _dGR-AtMCL _eAACR2 |
||
| 245 | 1 | _aThe Selection of Children's Toys in the Context of Gender Stereotypes | |
| 260 | _c2014 | ||
| 300 | _a113 | ||
| 520 | _aAcknowledgements, Ouline of the Research, Review of the Research, Gender Development in Children, The Gender Stereotyping as Research Topics, Statement of Scope and Aims of the Study, Statement of Scope, Aims of the Study, Methodology, Justification, Pilot Study Based on Adults' Selection of Toys, Main Study, Design, Participants, Materials, Procedure, Ethical Considerations. | ||
| 700 | 1 |
_aPagona Eleni _99066 |
|
| 700 | 1 |
_aVasileiou Konstantinos _99067 |
|
| 942 | _cDS | ||
| 999 |
_c8505 _d8505 |
||